Yüklüyor......
Natoti drissyakala soochika/
| Materyal Türü: | Printed Book |
|---|---|
| Dil: | English |
| Baskı/Yayın Bilgisi: |
Trichur,
Kerala sangeetha nataka akademi,
1986
|
| Konular: |
| LEADER | 00537 a2200145 4500 | ||
|---|---|---|---|
| 008 | 150103s9999 000 0 eng | ||
| 082 | |a M 398 SAN/NA | ||
| 245 | |a Natoti drissyakala soochika/ | ||
| 260 | |a Trichur, |b Kerala sangeetha nataka akademi, |c 1986 | ||
| 300 | |a 244 p.: | ||
| 500 | |a Malayalam | ||
| 650 | |a Folklore-Folk art directory | ||
| 942 | |c BK | ||
| 999 | |c 303588 |d 303588 | ||
| 952 | |0 0 |1 0 |2 ddc |4 0 |6 M_398_000000000000000_SAN_NA |7 0 |8 FORD |9 347208 |a DRA |b DRA |c ST1 |d 2011-03-17 |i 153F |l 5 |o M 398 SAN/NA |p DRA153F |r 2016-12-05 |s 2016-08-16 |w 2011-03-17 |y BK | ||